| 000 | 01395cam a2200289 i 4500 | ||
|---|---|---|---|
| 003 | SA-RiAUC | ||
| 005 | 20251106092152.0 | ||
| 008 | 251028s1966 su g 000r0 ara c | ||
| 040 |
_aSA-RiAUC _bara _cSA-RiAUC _erda |
||
| 082 | 0 | 4 |
_a212.2 _qSA-RiAUC |
| 090 |
_a212.2 _bا ل ش |
||
| 100 | 1 |
_aآل الشيخ، حسن بن عبد الله بن حسن، _d1352-1407 هجري _eمؤلف. |
|
| 245 | 1 | 0 |
_aكرامة الفرد في الإسلام / _cحسن عبد الله آل الشيخ. |
| 264 | 1 |
_aمكة المكرمة : _bنادي الوحدة، _c[1966] |
|
| 264 | 3 |
_aمكة المكرمة : _bمؤسسة مكة للطباعة والإعلام |
|
| 300 |
_a25 صفحة ؛ _c18 سم. |
||
| 336 |
_aنص _btxt _2rdacontent _3كتاب |
||
| 337 |
_aبدون وسيط _bn _2rdamedia |
||
| 338 |
_aمجلد _bnc _2rdacarrier |
||
| 490 | 0 |
_aمحاضرات الموسم الثقافي ؛ _v4 |
|
| 500 | _aمحاضرة ألقاها معالي وزير المعارف في كلية البترول والثروة المعدنية عام 1386 هـ. | ||
| 650 | 7 |
_aعلم الاجتماع الإسلامي _vمقالات ومحاضرات _2aucsh |
|
| 650 | 7 |
_aعلم النفس الاجتماعي _vمقالات ومحاضرات _2aucsh |
|
| 650 | 7 |
_aالأخلاق الإسلامية _vمقالات ومحاضرات _2aucsh |
|
| 942 |
_2ddc _cBOOK _n0 |
||
| 949 |
_aSA-JeALM _d251028 _umohamedma123 _n1 |
||
| 999 |
_c13068 _d13068 |
||